El informe criminológico forense: teoría y práctica (Registro nro. 3570)

Detalles MARC
000 -Cabecera
Campo de control de longitud fija 00877aam a2200313 4500
005 - Fecha y hora de la última transacción
Campo de control 20250926113829.0
008 - Elementos de longitud fija--Información general
Campo de control de longitud fija 150303b2012 xxu||||| |||| 00| 0 ES d
020 ## - International Standard Book Number
Número Internacional Estándar del Libro (ISBN) 9788490047569
041 ## - Idioma
Código de idioma Español
082 ## - Clasificación Decimal Dewey
Número de clasificación 363.25 C639i
100 ## - Entrada principal--Autor personal
Nombre personal Climent Dúran, Carlos
100 ## - Entrada principal--Autor personal
Nombre personal Garridos Genoves, Vicente
100 ## - Entrada principal--Autor personal
Nombre personal Guardiola García, Javier
245 ## - Título propiamente dicho
Título El informe criminológico forense: teoría y práctica
260 ## - Pie de imprenta
Lugar de publicación, distribución, etc. España
260 ## - Pie de imprenta
Nombre del editor, distribuidor, etc. Tirant Lo Blanch
260 ## - Pie de imprenta
Fecha de publicación, distribución, etc. 2012
300 ## - Descripción física
Extensión 195 páginas
490 ## - Serie
Título de la Serie Investigación Criminal
650 ## - Materia general
Temática (materia general) CRIMINALISTICA
650 ## - Materia general
Temática (materia general) CRIMINOLOGÍA
650 ## - Materia general
Temática (materia general) INFORME CRIMINOLÓGICO
650 ## - Materia general
Temática (materia general) PROCESOS PENALES
650 ## - Materia general
Temática (materia general) ANÁLISIS DE DELITOS SEXUALES
650 ## - Materia general
Temática (materia general) INVESTIGACIÓN CRIMINAL
650 ## - Materia general
Temática (materia general) INFORME PERICIAL
650 ## - Materia general
Temática (materia general) DISEÑO DE UNA INVESTIGACIÓN
942 ## - Punto de acceso adicional KOHA
Tipo de ítem KOHA Libro
Fuente del sistema de clasificación o colocación Dewey Decimal Classification
Existencias
Signatura completa Código de barras Programa Académico Tipo de ítem
363.25 C639i 18497 Investigación Criminal Libro
363.25 C639i 17433 Investigación Criminal Libro